[Event "10th LCC FIDE Open 2018"]
[Site "London"]
[Date "2018.12.09"]
[Round "1"]
[White "Rogacewicz, Mikolaj"]
[Black "Gullaksen, Eirik"]
[Result "0-1"]
[WhiteElo "1925"]
[BlackElo "2349"]
[Annotator "ChessBase"]
[PlyCount "94"]
[EventDate "2018.12.09"]
[EventType "swiss"]
[EventCountry "ENG"]
[SourceTitle "playchess.com"]
[Source "ChessBase"]
[SourceQuality "1"]
[TimeControl "40/5400+30:1800+30"]

1. d4 {[%emt 0:00:00]} g6 {[%emt 0:00:00]} 2. c4 {[%emt 0:00:35]} Bg7 {[%emt 0:00:00]} 3. e4 {[%emt 0:01:19]} Nc6 {[%emt 0:00:45]} 4. Be3 {[%emt 0:02:59]} e5 {[%emt 0:00:27]} 5. Ne2 {[%emt 0:04:23]} exd4 {[%emt 0:00:36]} 6. Nxd4 {[%emt 0:00:52]} Qf6 {[%emt 0:00:31]} 7. Nxc6 {[%emt 0:01:18]} bxc6 {[%emt 0:00:10]} 8. Nc3 {[%emt 0:02:18]} Ne7 {[%emt 0:00:44]} 9. Be2 {[%emt 0:05:51]} O-O {[%emt 0:01:09]} 10. O-O {[%emt 0:08:04]} d6 {[%emt 0:05:37]} 11. Qd2 {[%emt 0:07:15]} Bb7 {[%emt 0:03:25]} 12. Rfd1 {[%emt 0:03:56]} c5 {[%emt 0:08:16]} 13. Bf3 {[%emt 0:15:26]} Rab8 {[%emt 0:08:40]} 14. Nb5 {[%emt 0:05:47]} Nc6 {[%emt 0:11:49]} 15. Bg5 {[%emt 0:06:50]} Qxb2 {[%emt 0:00:49]} 16. Qxb2 {[%emt 0:01:48]} Bxb2 {[%emt 0:00:11]} 17. Rab1 {[%emt 0:00:24]} Be5 {[%emt 0:00:36]} 18. Nxc7 {[%emt 0:02:34]} Nd4 {[%emt 0:01:53]} 19. Nb5 {[%emt 0:08:10]} Nxb5 {[%emt 0:04:47]} 20. cxb5 {[%emt 0:00:35]} f6 {[%emt 0:02:18]} 21. Bc1 {[%emt 0:02:01]} f5 {[%emt 0:03:55]} 22. exf5 {[%emt 0:02:49]} Bxf3 {[%emt 0:00:25]} 23. gxf3 {[%emt 0:00:10]} Rxf5 {[%emt 0:05:02]} 24. f4 {[%emt 0:00:34]} Bd4 {[%emt 0:06:25]} 25. Be3 {[%emt 0:00:36]} Bxe3 {[%emt 0:02:14]} 26. fxe3 {[%emt 0:00:05]} d5 {[%emt 0:00:06]} 27. Kg2 {[%emt 0:01:39]} g5 {[%emt 0:01:32]} 28. Kf3 {[%emt 0:05:18]} gxf4 {[%emt 0:00:17]} 29. exf4 {[%emt 0:00:35]} Rbf8 {[%emt 0:02:50]} 30. Kg3 {[%emt 0:01:23]} d4 {[%emt 0:02:51]} 31. Rdc1 {[%emt 0:01:56]} R8f6 {[%emt 0:09:14]} 32. Rc4 {[%emt 0:02:39]} Rd6 {[%emt 0:01:45]} 33. Rbc1 {[%emt 0:00:52]} Rdd5 {[%emt 0:01:52]} 34. Kf3 {[%emt 0:00:51]} Kf7 {[%emt 0:00:11]} 35. Ra4 {[%emt 0:01:46]} Rd7 {[%emt 0:00:24]} 36. Ke4 {[%emt 0:00:41]} Rh5 {[%emt 0:00:32]} 37. f5 {[%emt 0:02:22]} d3 {[%emt 0:00:17]} 38. Ra3 {[%emt 0:01:31]} d2 {[%emt 0:01:22]} 39. Rd1 {[%emt 0:00:06]} Rh4+ {[%emt 0:00:10]} 40. Ke5 {[%emt 0:00:26]} Rxh2 {[%emt 0:00:14]} 41. Re3 {[%emt 0:03:16]} Re7+ {[%emt 0:01:48]} 42. Kf4 {[%emt 0:00:05]} Rh4+ {[%emt 0:00:14]} 43. Kg3 {[%emt 0:00:18]} Rxe3+ {[%emt 0:00:13]} 44. Kxh4 {[%emt 0:00:15]} Rd3 {[%emt 0:00:14]} 45. a4 {[%emt 0:00:38]} c4 {[%emt 0:00:08]} 46. a5 {[%emt 0:00:26]} c3 {[%emt 0:00:10]} 47. b6 {[%emt 0:00:33]} axb6 {[%emt 0:00:10]} 0-1

[Event "10th LCC FIDE Open 2018"]
[Site "London"]
[Date "2018.12.09"]
[Round "1"]
[White "Cole, James"]
[Black "Bradbury, Neil H"]
[Result "0-1"]
[WhiteElo "1914"]
[BlackElo "2336"]
[Annotator "NA"]
[PlyCount "74"]
[EventDate "2018.12.09"]
[EventType "swiss"]
[EventCountry "ENG"]
[SourceTitle "playchess.com"]
[Source "ChessBase"]
[SourceQuality "1"]
[TimeControl "40/5400+30:1800+30"]

1. d4 {[%emt 0:00:00]} Nf6 {[%emt 0:00:00]} 2. c4 {[%emt 0:00:00]} e6 {[%emt 0:00:13]} 3. g3 {[%emt 0:00:00]} c5 {[%emt 0:01:22]} 4. Nf3 {[%emt 0:01:33]} b6 {[%emt 0:09:03]} 5. Bg2 {[%emt 0:01:20]} Bb7 {[%emt 0:00:35]} 6. O-O {[%emt 0:02:20]} Be7 {[%emt 0:13:13]} 7. Nc3 {[%emt 0:00:40]} cxd4 {[%emt 0:07:44]} 8. Nxd4 {[%emt 0:11:59]} Bxg2 {[%emt 0:00:10]} 9. Kxg2 {[%emt 0:00:03]} Qc8 {[%emt 0:04:03]} 10. Qd3 {[%emt 0:08:25]} O-O {[%emt 0:07:05] A30: Symmetrical English: Double Fianchetto and Hedgehog} (10... Nc6 11. b3 O-O 12. Bb2 Ne5 13. Qe3 Neg4 14. Qf3 Ne5 15. Qf4 Qb7+ 16. Nf3 d6 17. Kg1 Nxf3+ 18. Qxf3 Qxf3 19. exf3 Rfc8 {½-½ (30) L'Ami,E (2639)-Meier,G (2639) Batumi 2018}) 11. Bg5 {[%emt 0:07:22]} Nc6 {[%emt 0:01:32]} 12. b3 {[%emt 0:07:19]} h6 {[%emt 0:02:53]} 13. Bxf6 $146 {[%emt 0:03:23]} ({Predecessor:} 13. Bc1 Rd8 14. Bb2 {½-½ (47) Schindler,C (2261)-Schoeneberg,M (2225) Germany 2013}) 13... Bxf6 {[%emt 0:00:08]} 14. e3 {[%emt 0:01:06]} Ne5 {[%emt 0:06:47]} 15. Qd2 {[%emt 0:01:52]} Qb7+ {[%emt 0:01:30]} 16. Kg1 {[%emt 0:03:59]} a6 {[%emt 0:04:07]} 17. f4 {[%emt 0:05:09]} Nc6 {[%emt 0:01:46]} 18. Rac1 {[%emt 0:00:31]} Rfd8 {[%emt 0:06:05]} 19. a4 {[%emt 0:10:22]} Na5 {[%emt 0:01:00]} 20. Rb1 {[%emt 0:02:36]} Rac8 {[%emt 0:00:16]} 21. e4 {[%emt 0:01:37]} Be7 {[%emt 0:04:15]} 22. Qd3 {[%emt 0:01:35]} Bc5 {[%emt 0:01:38]} 23. Rfd1 {[%emt 0:03:48]} Nc6 {[%emt 0:06:07]} 24. Nce2 {[%emt 0:00:25]} Nb4 {[%emt 0:03:39]} 25. Qe3 {[%emt 0:01:30]} b5 {[%emt 0:00:05]} 26. cxb5 {[%emt 0:00:30]} axb5 {[%emt 0:00:30]} 27. Rbc1 {[%emt 0:01:40]} bxa4 {[%emt 0:00:56]} 28. bxa4 {[%emt 0:00:19]} Qa7 {[%emt 0:00:49]} 29. Rd2 {[%emt 0:02:39]} d5 {[%emt 0:00:39]} 30. e5 {[%emt 0:00:30]} Bb6 {[%emt 0:00:30]} 31. Rxc8 {[%emt 0:00:30]} Rxc8 {[%emt 0:00:30]} 32. a5 $19 {[%emt 0:00:30]} Qxa5 {[%emt 0:00:30]} 33. Qb3 {[%emt 0:00:30]} Rc4 {[%emt 0:00:30]} 34. Kg2 {[%emt 0:00:30]} Qc5 {[%emt 0:00:30]} 35. f5 {[%emt 0:00:30]} Nc6 {[%emt 0:00:30]} 36. Nxc6 {[%emt 0:00:30]} Qf2+ {[%emt 0:00:30]} 37. Kh3 {[%emt 0:00:30]} Qf1# {[%emt 0:00:30]} 0-1

[Event "10th LCC FIDE Open 2018"]
[Site "London"]
[Date "2018.12.10"]
[Round "2"]
[White "Melkumyan, Hrant"]
[Black "Barrish, Daniel"]
[Result "1-0"]
[WhiteElo "2670"]
[BlackElo "2252"]
[Annotator "TA"]
[PlyCount "85"]
[EventDate "2018.12.09"]
[EventType "swiss"]
[EventCountry "ENG"]
[SourceTitle "playchess.com"]
[Source "ChessBase"]
[SourceQuality "1"]

{[%evp 11,85,23,27,4,0,-6,5,8,27,14,40,47,52,52,73,58,52,45,64,20,59,51,65,52,68,55,190,124,180,170,177,155,154,168,161,156,170,141,160,150,247,247,235,239,238,222,224,219,214,227,226,231,227,225,221,231,334,327,297,312,318,312,336,343,337,330,587,583,585,568,918,833,2365,2036,4706,4706]} 1. d4 Nf6 2. Nf3 g6 3. Nbd2 d5 4. e3 Bg7 5. b4 O-O 6. Be2 {D02: 1 d4 d5 2 Nf3 sidelines, including 2...Nf6 3 g3 and 2...Nf6 3 Bf4} (6. c4 a5 7. b5 c5 8. Bb2 Nbd7 9. Be2 b6 10. O-O Bb7 11. Rc1 Rc8 12. cxd5 Bxd5 13. Bc4 Bb7 14. Qe2 {1-0 (45) Inarkiev,E (2690)-Wei,Y (2735) Magas 2018}) 6... Ne4 {LiveBook: 5 Games. ...Nc3 is the strong threat.} 7. Nxe4 dxe4 8. Nd2 $1 {The position is equal.} e5 9. c3 {[%cal Bc2c3,Bc3d4][%mdl 32]} exd4 10. cxd4 Qe7 $146 ({Predecessor:} 10... Re8 11. O-O Nd7 12. Qc2 Nf6 13. Ba3 {0-1 (63) Harutyunyan,R (1644)-Robert,M (1662) Dieppe 2015}) 11. a4 Re8 12. O-O Nd7 13. Ba3 Nb6 14. Qc2 Bf5 15. Rac1 Rac8 16. a5 $1 {[%cal Ra5b6]} Nd5 17. Qc5 Qd7 18. Qxa7 Qa4 (18... Bh6 $14) 19. Nb1 (19. Qxb7 $18 {aiming for Bb5.} Nf4 20. exf4 Qxa3 21. Nc4 (21. Rxc7 Rxc7 22. Qxc7 Qxb4 $16)) 19... Nxb4 {[#]} (19... Rb8 $16) 20. Bd1 $1 $36 {[%cal Rd1a4][%mdl 2048] White is in control.} ({Resist} 20. Qxb7 $6 Rb8 $16) 20... Qb5 21. Nc3 Qa6 22. Qxa6 Nxa6 23. Nd5 Bf8 24. Bxf8 Kxf8 25. Be2 Re6 (25... c6 $16) 26. g4 {[%mdl 64] Trapped Piece} Rd6 27. Nc3 ({Not} 27. gxf5 Rxd5 28. f3 Rxf5 $16) 27... Be6 28. Nxe4 Rd5 {[#]} 29. Ra1 $1 c5 30. Bc4 Rdd8 31. Bxa6 bxa6 32. Nxc5 Bxg4 33. f3 Bd7 (33... Bf5 $142 34. Rfd1 Ra8) 34. Nb7 Bb5 35. Nxd8 {Hoping for Nb7.} Bxf1 36. Nxf7 ({Less strong is} 36. Kxf1 Rxd8 37. Ke2 Ke7 $16) 36... Kxf7 37. Kxf1 {[%mdl 4096] Endgame KR-KR} Rc2 38. Rb1 Rxh2 $2 (38... Ra2 39. Rb7+ Ke6 40. Rxh7 Rxa5) 39. Rb6 {White is clearly winning.} Ra2 40. Rxa6 h5 41. Ra8 Ra3 42. a6 {[%cal Ba5a6,Ba6a7][%mdl 32]} Rxe3 43. a7 {Accuracy: White = 91%, Black = 33%.} 1-0

[Event "10th LCC FIDE Open 2018"]
[Site "London"]
[Date "2018.12.10"]
[Round "2"]
[White "Cornette, Matthieu"]
[Black "Davison, Chris"]
[Result "1-0"]
[WhiteElo "2597"]
[BlackElo "2068"]
[Annotator "TA"]
[PlyCount "59"]
[EventDate "2018.12.09"]
[EventType "swiss"]
[EventCountry "ENG"]
[SourceTitle "playchess.com"]
[Source "ChessBase"]
[SourceQuality "1"]

{[%evp 19,59,57,66,64,64,38,102,100,142,142,148,149,135,48,50,43,32,12,20,25,43,18,21,26,184,175,183,177,236,194,200,195,325,320,442,441,2097,1948,6002,5231,2518,1294]} 1. d4 Nf6 2. c4 g6 3. Nc3 Bg7 4. e4 d6 5. h3 O-O 6. Be3 e5 7. d5 a5 8. g4 {E71: King's Indian: 4 e4 d6 5 h3} Na6 9. Nge2 Nc5 10. Ng3 c6 {LiveBook: 3 Games} 11. Qd2 (11. g5 Nfd7 12. h4 cxd5 13. Nxd5 Nb6 14. Nc3 Be6 15. b3 a4 {1-0 (36) Ding,L (2777)-Amonatov,F (2636) Riadh 2017}) 11... cxd5 12. cxd5 b6 (12... Bd7 $14) 13. f3 $146 ({Predecessor:} 13. g5 Ne8 14. f3 f5 15. Bxc5 bxc5 {1-0 (88) Shah Mahfuzul,K (1936)-Ghosh,C (2176) Dhaka 2018}) 13... Ne8 14. h4 f5 15. gxf5 gxf5 16. Bg5 ({Resist} 16. Nxf5 Bxf5 17. exf5 Qf6 $16) (16. exf5 $16 Kh8 17. Qg2) 16... Bf6 $14 17. Bb5 Ng7 18. Rg1 Kh8 19. O-O-O Ra7 20. Rg2 Raf7 21. Rdg1 $36 {[%mdl 2048] White has some pressure.} Bxg5 $2 (21... f4 $11 22. Nge2 Nh5) 22. hxg5 $18 {[%cal Bh4g5,Bg5g6][%mdl 32]} fxe4 {[#]} 23. g6 $1 {Hoping for Qh6.} Rf4 (23... e3 $142 24. Qxe3 Rf4) 24. Ngxe4 Nxe4 25. fxe4 h5 {[#]} (25... Rh4 {was called for.} 26. gxh7 Rxh7) 26. Ne2 $1 Qc7+ 27. Bc6 {White is clearly winning.} Bg4 (27... Qe7 $142 28. Rf2 Qf6 29. Nxf4 exf4) 28. Nxf4 Rxf4 {[#]} 29. Rxg4 $1 {[%mdl 512]} hxg4 (29... Rxg4 30. Qh6+) 30. Qh2+ {Accuracy: White = 68%, Black = 38%.} 1-0

[Event "10th LCC FIDE Open 2018"]
[Site "London"]
[Date "2018.12.10"]
[Round "2"]
[White "Hawkins, Jonathan"]
[Black "Bin-Suhayl, Ieysaa"]
[Result "1-0"]
[WhiteElo "2583"]
[BlackElo "2038"]
[Annotator "TA"]
[PlyCount "59"]
[EventDate "2018.12.09"]
[EventType "swiss"]
[EventCountry "ENG"]
[SourceTitle "playchess.com"]
[Source "ChessBase"]
[SourceQuality "1"]

{[%evp 18,59,29,29,83,84,76,73,88,18,326,326,340,339,336,340,333,337,319,323,314,326,442,440,497,493,490,475,505,504,491,459,568,550,801,774,4710,4710,4570,4133,2186,2050,29998,29999]} 1. e4 e6 2. d4 d5 3. exd5 exd5 4. Nf3 Bd6 5. c4 dxc4 6. Bxc4 Nf6 7. O-O O-O 8. Bg5 h6 9. Bh4 {D20: Queen's Gambit Accepted: 3 e3 and 3 e4} Bg4 10. h3 {LiveBook: 12 Games} Bh5 (10... Bxf3 $11 {remains equal.} 11. Qxf3 g5) (10... Bxf3 11. Qxf3 Nc6 12. Bxf6 Qxf6 13. Qxf6 gxf6 14. Rd1 Rad8 15. Nc3 f5 16. Kf1 Kg7 {½-½ (37) Ivanisevic,I (2662)-Predojevic,B (2621) Kragujevac 2015}) 11. g4 $16 {White is better.} Bg6 12. Ne5 Bh7 13. Qb3 $146 ({Better is} 13. Nc3 $16) ({Predecessor:} 13. Nc3 c5 14. Nxf7 Rxf7 15. dxc5 Bc7 16. Bxf7+ Kxf7 {1-0 (40) Zaja,I (2449)-Vega Gutierrez,B (2236) La Laguna 2009}) 13... Qe7 $2 {[%mdl 8192] [#]} (13... g5 $1 $11) 14. Qxb7 $18 Bxe5 15. dxe5 (15. Qxa8 Bxd4 16. Nd2 Qd6 $16) 15... Qxe5 16. Qxa8 Qxb2 17. Bxf6 (17. Qxa7 Qxa1 18. Qxc7 Qd4 $16) 17... gxf6 18. Nd2 ({Weaker is} 18. Qxa7 Qxa1 19. Qe3 (19. Qxc7 Kg7 $16) 19... Bxb1 $16) 18... Qxd2 19. Qxa7 Qc3 20. Qxc7 Qxh3 21. Qg3 Qxg3+ 22. fxg3 Kg7 23. Bb5 Be4 24. Rad1 Bc6 25. a4 Re8 26. Rd6 Re6 27. Rxe6 fxe6 28. Rc1 Bf3 29. Rc7+ Kg6 30. Be8+ {Accuracy: White = 78%, Black = 22%.} 1-0

[Event "10th LCC FIDE Open 2018"]
[Site "London"]
[Date "2018.12.10"]
[Round "2"]
[White "Yuffa, Daniil"]
[Black "Richardson, John R"]
[Result "1-0"]
[WhiteElo "2572"]
[BlackElo "2242"]
[Annotator "TA"]
[PlyCount "77"]
[EventDate "2018.12.09"]
[EventType "swiss"]
[EventCountry "ENG"]
[SourceTitle "playchess.com"]
[Source "ChessBase"]
[SourceQuality "1"]

{[%evp 15,77,0,9,0,9,-20,-7,-16,0,-7,32,23,89,89,96,91,110,93,184,183,164,174,183,175,249,241,272,260,264,253,357,352,348,353,343,331,393,391,393,393,367,358,509,521,549,569,568,530,747,754,1198,1167,1393,918,5493,5477,5365,3780,2490,2325,29975,29976,29991,29977]} 1. d4 Nf6 2. c4 e6 3. g3 Bb4+ 4. Bd2 Be7 5. Bg2 d5 6. Nf3 O-O 7. O-O c6 8. Qb3 Nbd7 {LiveBook: 193 Games} 9. Rd1 {E11: Bogo-Indian} (9. Bf4 a5 10. Rd1 Nh5 11. Bc1 Nhf6 12. Nbd2 b5 13. c5 b4 14. Qc2 a4 15. Re1 e5 16. Nxe5 Nxe5 17. dxe5 {1-0 (33) Caruana,F (2784)-So,W (2799) Berlin 2018}) 9... b6 $146 ({Predecessor:} 9... a5 10. Bf4 b5 11. cxb5 cxb5 12. Nc3 b4 13. Nb5 a4 14. Qc2 Qb6 15. Nc7 Ra7 16. Rac1 Bb7 {0-1 (31) Chetverik,M (2397)-Yevseev,D (2580) Cappelle-la-Grande 2004}) 10. Bc3 a5 11. Nbd2 {The position is equal.} Bb7 12. a4 c5 13. Ne5 dxc4 (13... cxd4 $11 {remains equal.} 14. Bxd4 Nxe5 15. Bxe5 Rc8) 14. Ndxc4 $16 Bxg2 15. Kxg2 Qc7 {[#]} 16. Qb5 $1 Rfd8 (16... cxd4 $16 {was called for.} 17. Bxd4 Rfc8) 17. Nc6 $18 Re8 18. Nxe7+ Rxe7 19. dxc5 bxc5 (19... Qxc5 $142 20. Qxc5 Nxc5) 20. Bxa5 Qc8 21. Nd6 Qf8 22. Bc3 Nd5 {[#]} (22... Rb8 $142) 23. Nf5 $1 {[%mdl 576] Deflection} exf5 24. Rxd5 {[%mdl 64] Double Attack} Rb8 25. Qd3 Qc8 26. Qxf5 Qc6 {intending ...Nb6.} 27. e4 Rbe8 28. f3 g6 (28... f6 $142 29. Rad1 Ne5 30. Bxe5 Rxe5) 29. Qf4 Qa6 30. a5 f6 31. Qd2 Qc8 32. a6 f5 33. a7 Nb6 {[#]} 34. Rxf5 $3 {[%mdl 512]} gxf5 35. Qg5+ {[%mdl 64] Double Attack} Kf8 36. Qf6+ Rf7 37. Qxb6 fxe4 38. a8=Q exf3+ 39. Kf2 {Accuracy: White = 83%, Black = 27%.} 1-0

[Event "10th LCC FIDE Open 2018"]
[Site "London"]
[Date "2018.12.10"]
[Round "2"]
[White "Pert, Nicholas"]
[Black "Signorelli, Gaetano"]
[Result "1-0"]
[WhiteElo "2546"]
[BlackElo "2222"]
[Annotator "TA"]
[PlyCount "53"]
[EventDate "2018.12.09"]
[EventType "swiss"]
[EventCountry "ENG"]
[SourceTitle "playchess.com"]
[Source "ChessBase"]
[SourceQuality "1"]

{[%evp 16,53,50,22,108,105,97,102,97,100,110,135,177,145,255,243,247,254,268,274,416,410,410,410,419,423,419,418,404,391,357,389,1122,1105,981,708,29978,29979,29990,29989]} 1. d4 d5 2. c4 Nc6 3. Nc3 Nf6 4. Nf3 dxc4 5. Bg5 h6 6. Bh4 {D07: Queen's Gambit: Chigorin Defence} a6 7. e4 (7. d5 Na7 8. e4 Nb5 9. Qc2 Nxc3 10. bxc3 b5 11. a4 g5 12. Bg3 Bg7 13. Nd4 Bd7 {0-1 (42) Basso,P (2516)-Chatalbashev,B (2546) Ferreira do Alentejo 2018}) 7... Bg4 8. d5 Ne5 9. Bg3 {LiveBook: 4 Games} Bxf3 (9... Nfd7 $11) 10. gxf3 $16 Nd3+ 11. Bxd3 cxd3 12. Qxd3 e6 13. O-O-O Qe7 $146 ({Predecessor:} 13... exd5) 14. Kb1 e5 (14... O-O-O $16) 15. f4 $18 exf4 16. Bxf4 Nh5 17. d6 Qd7 (17... cxd6 $142 18. Bg3 (18. Bxd6 Qxd6 19. Qxd6 Bxd6 $14) 18... Nxg3 19. hxg3 (19. fxg3 Qe5 $14) 19... Qd8) 18. Be5 cxd6 19. Qf3 Qe6 20. Bd4 ({Inferior is} 20. Qxh5 dxe5 21. Rd5 Bd6 $11) 20... Nf6 21. Nd5 Nxd5 22. exd5 Qg6+ {[#]} 23. Ka1 $1 f5 $2 (23... f6 24. Rhe1+ Be7) 24. Rhg1 Qf7 25. Rc1 Rg8 26. Rge1+ Kd7 27. Qc3 {Accuracy: White = 97%, Black = 24%.} 1-0

[Event "10th LCC FIDE Open 2018"]
[Site "London"]
[Date "2018.12.10"]
[Round "2"]
[White "Turner, Matthew J"]
[Black "Hill, Alistair"]
[Result "1-0"]
[WhiteElo "2533"]
[BlackElo "2219"]
[Annotator "TA"]
[PlyCount "77"]
[EventDate "2018.12.09"]
[EventType "swiss"]
[EventCountry "ENG"]
[SourceTitle "playchess.com"]
[Source "ChessBase"]
[SourceQuality "1"]

{[%evp 16,77,13,14,11,0,0,-5,0,0,37,20,22,8,31,0,0,0,0,0,34,40,67,80,76,0,70,25,49,50,50,42,52,58,62,49,127,126,195,189,208,189,204,150,135,13,54,57,312,317,313,300,329,322,333,330,325,327,318,322,293,318,1181,1177]} 1. d4 Nf6 2. c4 c5 3. d5 b5 4. Qc2 d6 5. e4 b4 6. Nf3 g6 7. h3 {A57: Benko/Volga Gambit} Bg7 8. Bd3 O-O 9. O-O {LiveBook: 5 Games. The position is equal.} (9. Bg5 a5 10. Nbd2 e5 11. g4 a4 12. Ke2 h6 13. Bh4 g5 14. Bg3 Re8 15. Nf1 Nbd7 16. Ne3 Nf8 17. Qd2 Ng6 18. Rag1 {½-½ (18) Akobian,V (2632)-Ramirez,A (2587) Arlington 2015}) 9... a5 10. Bf4 Nbd7 11. Nbd2 {[%cal Bb1d2,Bd2f3,Bf3g5][%mdl 32]} Nh5 $146 ({Predecessor:} 11... a4 12. Rae1 Nh5 13. Bh2 Ne5 14. Nxe5 dxe5 {½-½ (90) Jepsen,T (2052)-Malmstig,E (2266) Helsingor 2017}) 12. Bh2 Ne5 13. Be2 Nxf3+ 14. Nxf3 Qc7 15. Rae1 e5 16. dxe6 fxe6 17. Qd2 Ra6 18. Ng5 Nf6 19. e5 $1 $36 {[%cal Re5f6][%mdl 2048] White is on the roll.} dxe5 20. Bf3 (20. Qe3 $16) 20... Ne8 (20... Qe7 $11) 21. Bg4 h6 22. Ne4 Nd6 23. Nxd6 $1 Rxd6 24. Qc2 h5 25. Be2 Bb7 (25... Rf5 $14) 26. Qxg6 $16 Rf6 (26... Qf7 $16 27. Qxf7+ (27. Bxh5 Qxg6 28. Bxg6 Rd2 $16) (27. Qxh5 Qxh5 28. Bxh5 Rd2 $16) 27... Rxf7 28. Bxh5 Re7 29. Bxe5 Rd2) 27. Qe8+ Rf8 28. Qxh5 {Strongly threatening Bg4.} Rf5 29. Qe8+ Kh7 30. Bf3 ({White should try} 30. Qb5 $16) 30... Rd8 31. Qxe6 Bc8 $2 {[%mdl 8192] [#]} ({Black should play} 31... Rxf3 $14 32. gxf3 Bc8 33. Rxe5 (33. Bxe5 $2 Qb7 $19) 33... Bxe5 34. Qxe5 (34. Bxe5 Bxe6 35. Bxc7 Rd2 $16) 34... Rg8+ 35. Kh1 Qxe5 36. Bxe5 Bxh3) 32. Qc6 $18 Qxc6 33. Bxc6 Rg5 34. f4 exf4 35. Bxf4 Bd4+ 36. Kh2 Rg7 37. Be5 Bxe5+ 38. Rxe5 Rd2 $2 {[#]} (38... Bb7 39. Bxb7 (39. Rxc5 Bxc6 40. Rf2 Rg6 $14) 39... Rxb7 40. Rh5+ Kg7 41. Rxc5 Rd2 42. Rxa5 Rxb2) 39. Be4+ {Precision: White = 56%, Black = 32%.} 1-0

[Event "10th LCC FIDE Open 2018"]
[Site "London"]
[Date "2018.12.10"]
[Round "2"]
[White "Ghasi, Ameet K"]
[Black "Knudsen, Simon"]
[Result "1/2-1/2"]
[WhiteElo "2498"]
[BlackElo "2206"]
[Annotator "TA"]
[PlyCount "39"]
[EventDate "2018.12.09"]
[EventType "swiss"]
[EventCountry "ENG"]
[SourceTitle "playchess.com"]
[Source "ChessBase"]
[SourceQuality "1"]

{[%evp 13,39,-1,2,2,-4,-4,1,-19,-13,-23,6,12,-10,0,0,0,0,-5,0,-20,-18,-54,-51,-70,-75,-92,-63,-77]} 1. c4 e5 2. Nc3 Nf6 3. Nf3 Nc6 4. e3 Bb4 5. Qc2 O-O 6. Nd5 Re8 7. Ng5 {A28: English Opening: Four Knights Variation} (7. Qf5 Be7 8. Nxe5 Nb4 9. Nxb4 Bxb4 10. Nf3 d5 11. Qd3 Bf8 12. Be2 c5 13. O-O b6 14. b3 Bb7 15. Bb2 {½-½ (27) So,W (2776)-Melkumyan,H (2660) Douglas 2018}) 7... g6 {LiveBook: 13 Games} 8. Nxf6+ Qxf6 9. h4 {The position is equal.} Bf8 (9... Qg7 {looks sharper.} 10. a3 Be7 11. Ne4 h5 12. g3 f5) 10. Be2 $146 ({Predecessor:} 10. Ne4 Qe7 11. h5 Nb4 12. Qb3 a5 13. hxg6 hxg6 14. Nc3 c6 {½-½ (27) Petkov,S (2325)-Anikeev,V (2267) ICCF email 2015}) 10... Nb4 {[%cal Bc6b4,Bb4a6,Ba6c7][%mdl 32]} 11. Qb1 c6 {[%cal Bc7c6,Bc6d5,Bd5d4][%mdl 32]} 12. a3 Na6 13. b4 d5 $36 {[%mdl 2048] White is under pressure.} 14. cxd5 cxd5 15. Bb2 Qd8 16. Nf3 Bg7 17. d3 Nc7 18. Qd1 d4 {Hoping for ...dxe3.} 19. e4 a5 20. O-O {Accuracy: White = 46%, Black = 53%.} 1/2-1/2

[Event "10th LCC FIDE Open 2018"]
[Site "London"]
[Date "2018.12.10"]
[Round "2"]
[White "Janik, Igor"]
[Black "Stoyanov, Viktor"]
[Result "1-0"]
[WhiteElo "2476"]
[BlackElo "2205"]
[Annotator "TA"]
[PlyCount "65"]
[EventDate "2018.12.09"]
[EventType "swiss"]
[EventCountry "ENG"]
[SourceTitle "playchess.com"]
[Source "ChessBase"]
[SourceQuality "1"]

{[%evp 16,65,28,10,26,35,60,65,70,77,78,45,104,88,91,82,85,93,80,98,198,205,179,187,357,377,383,378,396,509,460,456,601,616,608,601,567,522,510,513,775,762,702,507,495,499,1555,1557,29957,29964,2272,853]} 1. d4 Nf6 2. c4 g6 3. Nf3 Bg7 4. g3 O-O 5. Bg2 c5 6. d5 b5 {E60: King's Indian: Unusual lines and Fianchetto Variation without Nc3} (6... d6 7. Nc3 e6 8. O-O exd5 9. cxd5 a6 10. a4 Re8 11. Bf4 Bf5 12. Nh4 Bc8 13. Nf3 Bf5 14. Nh4 Bc8 15. Nf3 {½-½ (15) Ding,L (2777)-Vachier Lagrave,M (2789) Riadh 2017}) 7. cxb5 Qa5+ 8. Nfd2 Qxb5 9. Nc3 {LiveBook: 4 Games} Qa6 10. O-O Bb7 $146 ({Predecessor:} 10... d6 11. Rb1 Nbd7 12. a3 Ne5 13. b4 cxb4 14. axb4 Bf5 15. e4 Bg4 16. Qb3 {½-½ (16) Drasko,M (2527)-Marholev,D (2396) Cutro 2009}) 11. e4 d6 12. Re1 Nbd7 13. a4 Qa5 (13... Ne5 $14) 14. Nc4 $16 {[%cal Bd2c4,Bc4a5,Ba5c6][%mdl 32]} Qd8 15. f4 Ba6 16. Nb5 Ne8 17. e5 Qb8 {[#]} (17... Nc7 $16) 18. Na5 $1 $18 Bxb5 19. axb5 {[%cal Ba4b5,Bb5b6,Bb6a7][%mdl 32]} dxe5 $2 (19... Qxb5 {keeps fighting.} 20. Nc6 a5 21. Nxe7+ Kh8) 20. Nc6 Qd6 21. fxe5 Nxe5 22. Bf4 ({Don't take} 22. b6 Nxc6 23. dxc6 Bd4+ 24. Kh1 Rb8 $18) 22... f6 23. b6 Qd7 24. Rxa7 ({Not} 24. Nxe5 fxe5 25. d6 (25. Bxe5 Nd6 $14) 25... exf4 $18) 24... Rxa7 25. bxa7 Nd6 26. Bxe5 fxe5 27. Qb3 Ra8 (27... Qc7 $142 28. Qb8 Rxb8 29. axb8=Q+ Qxb8 30. Nxb8 e4) 28. Qb8+ {[%mdl 64] [#] Double Attack} Qe8 29. Qxe8+ Nxe8 30. d6 Nxd6 (30... Rxa7 $142 31. Nxa7 Nxd6) 31. Nxe7+ {[%mdl 64] Discovered Attack} Kf8 32. Bxa8 Nb5 33. Nc8 {Accuracy: White = 98%, Black = 14%.} 1-0